[Event "MP do 16 lat - chlopcy"]
[Site "Sypniewo"]
[Date "2022.03.24"]
[Round "6.10"]
[White "Madajczak, Piotr"]
[Black "Zdybel, Przemyslaw"]
[Result "0-1"]
[BlackElo "2008"]
[WhiteElo "1902"]
[LiveChessVersion "1.4.8"]

1. e4 {[%clk 1:30:58]} c5 {[%clk 1:30:48]} 2. Nf3 {[%clk 1:31:20]} d6
{[%clk 1:31:03]} 3. d4 {[%clk 1:31:41]} cxd4 {[%clk 1:31:26]} 4. Nxd4
{[%clk 1:32:05]} Nf6 {[%clk 1:31:51]} 5. Nc3 {[%clk 1:32:25]} a6 {[%clk 1:32:17]}
6. Nb3 {[%clk 1:32:48]} g6 {[%clk 1:30:40]} 7. f3 {[%clk 1:26:16]} Nbd7
{[%clk 1:25:18]} 8. Be3 {[%clk 1:21:47]} Bg7 {[%clk 1:05:10]} 9. Qd2
{[%clk 1:21:12]} b5 {[%clk 0:58:24]} 10. Bh6 {[%clk 1:09:16]} Bxh6
{[%clk 0:56:15]} 11. Qxh6 {[%clk 1:09:38]} b4 {[%clk 0:56:11]} 12. Nd5
{[%clk 1:04:22]} Nxd5 {[%clk 0:54:55]} 13. exd5 {[%clk 1:04:22]} Nf6
{[%clk 0:55:20]} 14. O-O-O {[%clk 1:04:43]} Bb7 {[%clk 0:50:41]} 15. Bd3
{[%clk 1:03:39]} Bxd5 {[%clk 0:34:45]} 16. Rhe1 {[%clk 1:02:37]} e6
{[%clk 0:34:00]} 17. Nd4 {[%clk 0:50:46]} Qe7 {[%clk 0:31:01]} 18. Ne2
{[%clk 0:36:58]} Kd7 {[%clk 0:19:26]} 19. Qd2 {[%clk 0:25:56]} Rab8
{[%clk 0:13:26]} 20. Kb1 {[%clk 0:22:44]} Rhc8 {[%clk 0:11:33]} 21. Ng3
{[%clk 0:22:24]} a5 {[%clk 0:05:25]} 22. Be4 {[%clk 0:19:47]} Rc5
{[%clk 0:04:39]} 23. Bxd5 {[%clk 0:19:27]} Nxd5 {[%clk 0:04:28]} 24. Qe2
{[%clk 0:17:35]} f5 {[%clk 0:03:14]} 25. Qa6 {[%clk 0:16:25]} Rbc8
{[%clk 0:02:41]} 26. Rd2 {[%clk 0:15:15]} R8c6 {[%clk 0:01:59]} 27. Qa8
{[%clk 0:13:12]} Nc7 {[%clk 0:01:26]} 28. Qa7 {[%clk 0:08:04]} e5
{[%clk 0:00:34]} 29. Nf1 {[%clk 0:07:48]} f4 {[%clk 0:00:47]} 30. g3
{[%clk 0:07:19]} Kc8 {[%clk 0:00:43]} 31. gxf4 {[%clk 0:02:33]} Ra6
{[%clk 0:01:06]} 32. Qxc5 {[%clk 0:02:56]} dxc5 {[%clk 0:01:32]} 33. Rxe5
{[%clk 0:03:19]} Re6 {[%clk 0:01:40]} 0-1

[Event "MP do 16 lat - chlopcy"]
[Site "Sypniewo"]
[Date "2022.03.24"]
[Round "6.11"]
[White "Zalega, Maciej"]
[Black "Paprocki, Antoni"]
[Result "1-0"]
[BlackElo "1831"]
[WhiteElo "1994"]
[LiveChessVersion "1.4.8"]

1. e4 {[%clk 1:30:59]} e5 {[%clk 1:30:31]} 2. Nf3 {[%clk 1:31:20]} Nc6
{[%clk 1:30:46]} 3. Bb5 {[%clk 1:31:33]} a6 {[%clk 1:31:01]} 4. Ba4
{[%clk 1:31:56]} Nf6 {[%clk 1:31:08]} 5. O-O {[%clk 1:31:47]} Be7
{[%clk 1:31:15]} 6. Re1 {[%clk 1:31:28]} d6 {[%clk 1:31:10]} 7. h3
{[%clk 1:31:23]} b5 {[%clk 1:30:30]} 8. Bb3 {[%clk 1:31:45]} Na5 {[%clk 1:30:13]}
9. c3 {[%clk 1:27:04]} Nxb3 {[%clk 1:30:36]} 10. axb3 {[%clk 1:27:31]} Bb7
{[%clk 1:29:18]} 11. d3 {[%clk 1:27:37]} O-O {[%clk 1:28:29]} 12. Nbd2
{[%clk 1:27:27]} Re8 {[%clk 1:25:47]} 13. Nf1 {[%clk 1:24:01]} h6
{[%clk 1:25:19]} 14. Ng3 {[%clk 1:23:34]} Bf8 {[%clk 1:24:49]} 15. Nh2
{[%clk 1:20:19]} d5 {[%clk 1:13:23]} 16. Ng4 {[%clk 1:18:22]} dxe4
{[%clk 1:03:27]} 17. Nxf6+ {[%clk 1:16:57]} Qxf6 {[%clk 1:03:43]} 18. dxe4
{[%clk 1:14:39]} Rad8 {[%clk 0:59:07]} 19. Qg4 {[%clk 1:05:03]} Bc5
{[%clk 0:56:27]} 20. Be3 {[%clk 1:03:14]} Bxe3 {[%clk 0:54:19]} 21. Rxe3
{[%clk 1:03:41]} Rd2 {[%clk 0:52:52]} 22. Nh5 {[%clk 0:56:18]} Qg6
{[%clk 0:44:04]} 23. Rg3 {[%clk 0:44:16]} Qxg4 {[%clk 0:44:17]} 24. Rxg4
{[%clk 0:44:43]} Re6 {[%clk 0:35:22]} 25. Nxg7 {[%clk 0:42:24]} Rg6
{[%clk 0:35:13]} 26. Rxg6 {[%clk 0:42:50]} fxg6 {[%clk 0:35:39]} 27. Ne6
{[%clk 0:42:51]} Bxe4 {[%clk 0:32:17]} 28. Rxa6 {[%clk 0:39:14]} Rxb2
{[%clk 0:23:58]} 29. Nc5 {[%clk 0:39:16]} Bd5 {[%clk 0:19:51]} 30. Rxg6+
{[%clk 0:36:40]} Kh7 31. Ra6 {[%clk 0:37:06]} Rb1+ {[%clk 0:09:45]} 32. Kh2
{[%clk 0:37:30]} Rb2 {[%clk 0:10:14]} 33. Kg3 {[%clk 0:37:21]} Rc2
{[%clk 0:10:31]} 34. c4 {[%clk 0:32:42]} bxc4 {[%clk 0:03:59]} 35. bxc4
{[%clk 0:32:38]} Rc3+ {[%clk 0:01:41]} 36. f3 {[%clk 0:32:41]} Bxc4
{[%clk 0:01:00]} 37. Rc6 {[%clk 0:32:55]} Bf7 {[%clk 0:00:38]} 38. Rxc7
{[%clk 0:32:54]} Kg8 {[%clk 0:00:41]} 39. Ne6 {[%clk 0:30:52]} Ra3
{[%clk 0:00:45]} 40. Nd8 {[%clk 0:59:53]} Bd5 {[%clk 0:30:44]} 41. Nc6
{[%clk 1:00:08]} Bxc6 {[%clk 0:30:21]} 42. Rxc6 {[%clk 0:59:47]} e4
{[%clk 0:30:15]} 43. Rxh6 {[%clk 1:00:03]} exf3 {[%clk 0:30:38]} 44. gxf3
{[%clk 1:00:30]} Kg7 {[%clk 0:29:53]} 45. Rb6 {[%clk 0:59:41]} Ra4
{[%clk 0:27:08]} 46. f4 {[%clk 0:59:10]} Ra1 {[%clk 0:25:07]} 47. h4
{[%clk 0:58:50]} Rg1+ {[%clk 0:24:12]} 48. Kf3 {[%clk 0:59:01]} Rh1
{[%clk 0:24:01]} 49. Kg4 {[%clk 0:58:35]} Rg1+ {[%clk 0:24:25]} 50. Kf5
{[%clk 0:59:02]} Rh1 {[%clk 0:19:52]} 51. Rb7+ {[%clk 0:59:22]} Kg8
{[%clk 0:19:29]} 52. Kg6 {[%clk 0:57:20]} Rg1+ {[%clk 0:19:35]} 53. Kf6
{[%clk 0:57:46]} Rg4 {[%clk 0:19:13]} 54. Rb8+ {[%clk 0:58:07]} Kh7
{[%clk 0:19:25]} 55. f5 {[%clk 0:58:34]} Rf4 {[%clk 0:11:08]} 56. Kg5
{[%clk 0:54:31]} Rf1 {[%clk 0:10:08]} 57. h5 {[%clk 0:54:24]} Rf2
{[%clk 0:09:26]} 58. Rb7+ {[%clk 0:49:45]} Kg8 {[%clk 0:09:33]} 59. Kf6
{[%clk 0:50:07]} Rf1 {[%clk 0:08:01]} 60. Rg7+ {[%clk 0:50:09]} Kf8
{[%clk 0:07:26]} 61. Rg5 {[%clk 0:50:34]} Rh1 {[%clk 0:07:46]} 62. Kg6
{[%clk 0:50:01]} Kg8 {[%clk 0:07:57]} 63. f6 {[%clk 0:49:54]} Rf1
{[%clk 0:05:02]} 64. h6 {[%clk 0:48:41]} Rh1 {[%clk 0:02:51]} 65. f7+
{[%clk 0:47:28]} Kf8 {[%clk 0:03:18]} 66. h7 {[%clk 0:47:27]} Rh2
{[%clk 0:02:26]} 67. Rh5 {[%clk 0:47:41]} Rg2+ {[%clk 0:02:23]} 68. Kf5
{[%clk 0:48:05]} Rf2+ {[%clk 0:01:19]} 69. Ke4 {[%clk 0:48:31]} Re2+
{[%clk 0:01:06]} 1-0

[Event "MP do 16 lat - chlopcy"]
[Site "Sypniewo"]
[Date "2022.03.24"]
[Round "6.12"]
[White "Madej, Marek"]
[Black "Malinowski, Szymon"]
[Result "1/2-1/2"]
[BlackElo "1675"]
[WhiteElo "2017"]
[LiveChessVersion "1.4.8"]

1. e4 {[%clk 1:30:59]} c6 {[%clk 1:30:54]} 2. d4 {[%clk 1:31:21]} d5
{[%clk 1:31:18]} 3. Nd2 {[%clk 1:31:49]} dxe4 {[%clk 1:31:41]} 4. Nxe4
{[%clk 1:32:17]} Bf5 {[%clk 1:32:00]} 5. Ng3 {[%clk 1:32:35]} Bg6
{[%clk 1:32:23]} 6. c3 {[%clk 1:32:39]} Qc7 {[%clk 1:32:20]} 7. Nh3
{[%clk 1:32:19]} e6 {[%clk 1:29:57]} 8. Nf4 {[%clk 1:31:22]} Bd6 {[%clk 1:30:15]}
9. Qf3 {[%clk 1:30:58]} Ne7 {[%clk 1:29:00]} 10. h4 {[%clk 1:28:53]} Nd7
{[%clk 1:27:26]} 11. h5 {[%clk 1:28:13]} Bf5 {[%clk 1:27:46]} 12. Nxf5
{[%clk 1:27:50]} Nxf5 {[%clk 1:27:48]} 13. Bd3 {[%clk 1:24:09]} Ne7
{[%clk 1:27:32]} 14. h6 {[%clk 1:24:03]} g6 {[%clk 1:27:48]} 15. Nh3
{[%clk 1:20:36]} f6 {[%clk 1:25:46]} 16. Bc4 {[%clk 1:08:02]} Nd5
{[%clk 1:22:29]} 17. Bxd5 {[%clk 1:02:43]} cxd5 {[%clk 1:21:23]} 18. Nf4
{[%clk 0:59:14]} O-O-O {[%clk 1:20:03]} 19. O-O {[%clk 0:58:44]} Rde8
{[%clk 1:19:50]} 20. Re1 {[%clk 0:56:15]} Bxf4 {[%clk 1:19:50]} 21. Bxf4
{[%clk 0:56:38]} Qc6 {[%clk 1:19:53]} 22. c4 {[%clk 0:52:17]} dxc4
{[%clk 1:19:23]} 23. Qa3 {[%clk 0:51:01]} g5 {[%clk 1:08:34]} 24. Bg3
{[%clk 0:50:41]} f5 {[%clk 1:08:36]} 25. Bd6 {[%clk 0:44:15]} Nb6
{[%clk 1:07:48]} 26. Be5 {[%clk 0:42:29]} Rhg8 {[%clk 1:05:23]} 27. Rac1
{[%clk 0:37:08]} Kd7 {[%clk 1:03:00]} 28. b3 {[%clk 0:36:58]} c3 {[%clk 1:02:04]}
29. Rxc3 {[%clk 0:36:12]} Qxc3 {[%clk 1:02:26]} 30. Rc1 {[%clk 0:36:39]} Qxc1+
{[%clk 1:00:52]} 31. Qxc1 {[%clk 0:37:07]} Rc8 {[%clk 0:59:58]} 32. Qa3
{[%clk 0:37:31]} Rg6 {[%clk 0:55:04]} 33. Qxa7 {[%clk 0:37:13]} Kc6
{[%clk 0:49:56]} 34. Qa3 {[%clk 0:34:19]} Rxh6 {[%clk 0:50:16]} 35. Qc1+
{[%clk 0:31:26]} Kb5 {[%clk 0:47:04]} 36. a4+ {[%clk 0:31:06]} Ka6
{[%clk 0:47:02]} 37. Qxg5 {[%clk 0:31:22]} Rg6 {[%clk 0:46:47]} 38. Qd2
{[%clk 0:31:31]} Nd5 {[%clk 0:44:53]} 39. Qd3+ {[%clk 0:28:51]} Ka7
{[%clk 0:45:04]} 40. g3 {[%clk 0:57:33]} Rc6 {[%clk 1:05:58]} 41. Qd2
{[%clk 0:54:56]} Rc3 {[%clk 1:06:02]} 42. b4 {[%clk 0:54:15]} h5 {[%clk 1:05:09]}
43. Qe2 {[%clk 0:50:54]} h4 {[%clk 0:50:08]} 44. Qb5 {[%clk 0:51:11]} Nc7
{[%clk 0:49:49]} 45. Bxc7 {[%clk 0:50:04]} Rxc7 {[%clk 0:50:06]} 46. Qa5+
{[%clk 0:50:29]} Kb8 {[%clk 0:50:28]} 47. Qe5 {[%clk 0:50:52]} hxg3
{[%clk 0:49:43]} 48. d5 {[%clk 0:47:28]} g2 {[%clk 0:34:45]} 49. dxe6
{[%clk 0:47:19]} Rgg7 {[%clk 0:35:03]} 50. e7 {[%clk 0:45:44]} Rgxe7
{[%clk 0:35:20]} 51. Qh8+ {[%clk 0:46:06]} Rc8 {[%clk 0:35:40]} 52. Qf6
{[%clk 0:44:44]} Re4 {[%clk 0:31:41]} 53. Kxg2 {[%clk 0:39:21]} f4
{[%clk 0:31:16]} 54. Qd6+ {[%clk 0:37:56]} Ka7 {[%clk 0:29:57]} 55. a5
{[%clk 0:36:11]} Rce8 {[%clk 0:21:05]} 56. Qb6+ {[%clk 0:33:08]} Ka8
{[%clk 0:19:20]} 57. Kf3 {[%clk 0:29:00]} R4e6 {[%clk 0:19:19]} 58. Qd4
{[%clk 0:27:02]} Rf8 {[%clk 0:18:29]} 59. b5 {[%clk 0:25:20]} Ref6
{[%clk 0:17:01]} 60. Qc4 {[%clk 0:12:51]} Kb8 {[%clk 0:14:16]} 61. b6
{[%clk 0:12:17]} R6f7 {[%clk 0:13:10]} 62. Qd5 {[%clk 0:08:39]} Rf6
{[%clk 0:08:34]} 63. Qe5+ {[%clk 0:07:03]} Ka8 {[%clk 0:08:52]} 64. Qe7
{[%clk 0:06:52]} R6f7 {[%clk 0:08:57]} 65. Qe6 {[%clk 0:04:02]} Rf6
{[%clk 0:09:11]} 66. Qe4 {[%clk 0:04:22]} Kb8 {[%clk 0:06:01]} 67. Qd5
{[%clk 0:01:20]} R6f7 {[%clk 0:05:43]} 68. Qd6+ {[%clk 0:00:40]} Ka8
{[%clk 0:06:06]} 69. Qd3 {[%clk 0:00:34]} Kb8 {[%clk 0:05:54]} 70. Qa3
{[%clk 0:00:40]} Rh8 {[%clk 0:05:21]} 71. Qd6+ {[%clk 0:00:48]} Ka8
{[%clk 0:05:45]} 72. a6 {[%clk 0:00:47]} bxa6 {[%clk 0:04:29]} 73. Qc6+
{[%clk 0:00:36]} Kb8 {[%clk 0:04:01]} 74. Qd6+ {[%clk 0:00:35]} Ka8
{[%clk 0:04:17]} 75. Qd5+ {[%clk 0:00:33]} Rb7 {[%clk 0:04:34]} 76. Qc5
{[%clk 0:00:33]} Rf7 {[%clk 0:04:45]} 77. Qc4 {[%clk 0:00:33]} Rb7
{[%clk 0:03:39]} 78. Qxa6+ {[%clk 0:01:02]} Kb8 {[%clk 0:04:01]} 79. Qa5
{[%clk 0:00:37]} Rf8 {[%clk 0:03:06]} 80. Qe5+ {[%clk 0:00:53]} Ka8
{[%clk 0:03:22]} 81. Qd6 {[%clk 0:01:00]} Rbf7 {[%clk 0:03:21]} 82. Ke4
{[%clk 0:00:36]} f3 {[%clk 0:03:31]} 83. Kd4 {[%clk 0:00:46]} Kb7
{[%clk 0:03:40]} 84. Qc5 {[%clk 0:00:42]} Rf4+ {[%clk 0:03:39]} 85. Ke3
{[%clk 0:00:51]} R4f7 {[%clk 0:04:04]} 86. Qa5 {[%clk 0:00:47]} Kb8
{[%clk 0:02:24]} 87. Qa4 {[%clk 0:01:03]} Re7+ {[%clk 0:02:19]} 88. Kd3
{[%clk 0:01:25]} Ref7 {[%clk 0:02:39]} 89. Qe4 {[%clk 0:00:49]} Rf5
{[%clk 0:01:18]} 90. Kc3 {[%clk 0:00:52]} R8f7 {[%clk 0:01:07]} 91. Kb3
{[%clk 0:00:31]} Rf4 {[%clk 0:01:23]} 92. Qc6 {[%clk 0:00:41]} R4f6
{[%clk 0:01:43]} 93. Qc5 {[%clk 0:00:37]} Kb7 {[%clk 0:02:05]} 94. Ka4
{[%clk 0:00:56]} Rf4+ {[%clk 0:02:22]} 95. Ka3 {[%clk 0:01:21]} R4f6
{[%clk 0:02:44]} 96. Qa5 {[%clk 0:01:38]} Kb8 {[%clk 0:02:47]} 97. Kb3
{[%clk 0:01:28]} Rf5 {[%clk 0:02:49]} 98. Qa6 {[%clk 0:01:18]} Rb7
{[%clk 0:02:17]} 99. Kc4 {[%clk 0:00:38]} Rf6 {[%clk 0:02:08]} 100. Kb5
{[%clk 0:00:40]} Rf5+ {[%clk 0:02:25]} 101. Kc4 {[%clk 0:00:38]} Rf6
{[%clk 0:02:45]} 1/2-1/2

[Event "MP do 16 lat - chlopcy"]
[Site "Sypniewo"]
[Date "2022.03.24"]
[Round "6.13"]
[White "Demski, Michal"]
[Black "Rog, Bartlomiej"]
[Result "1/2-1/2"]
[BlackElo "2143"]
[WhiteElo "1678"]
[LiveChessVersion "1.4.8"]

1. Nf3 {[%clk 1:30:57]} e6 {[%clk 1:30:41]} 2. g3 {[%clk 1:30:40]} d5
{[%clk 1:28:58]} 3. Bg2 {[%clk 1:30:57]} h5 {[%clk 1:28:57]} 4. h4
{[%clk 1:28:53]} Nf6 {[%clk 1:29:12]} 5. d3 {[%clk 1:28:23]} c5 {[%clk 1:26:58]}
6. Nbd2 {[%clk 1:28:22]} Nc6 {[%clk 1:26:26]} 7. e4 {[%clk 1:23:54]} Be7
{[%clk 1:25:00]} 8. O-O {[%clk 1:19:47]} b5 {[%clk 1:23:02]} 9. Re1
{[%clk 1:18:15]} Bb7 {[%clk 1:19:43]} 10. Qe2 {[%clk 1:14:42]} Qc7
{[%clk 1:17:34]} 11. c3 {[%clk 1:08:53]} a5 {[%clk 1:11:49]} 12. Nf1
{[%clk 0:57:54]} b4 {[%clk 1:02:12]} 13. Ng5 {[%clk 0:39:10]} dxe4
{[%clk 0:58:10]} 14. Nxe4 {[%clk 0:37:02]} Nxe4 {[%clk 0:57:04]} 15. Bxe4
{[%clk 0:35:42]} a4 {[%clk 0:55:28]} 16. Bf4 {[%clk 0:34:36]} Qd7
{[%clk 0:52:53]} 17. a3 {[%clk 0:23:00]} bxc3 {[%clk 0:49:33]} 18. bxc3
{[%clk 0:23:09]} Bf6 {[%clk 0:49:56]} 19. Rec1 {[%clk 0:14:28]} Na5
{[%clk 0:48:10]} 20. Rab1 {[%clk 0:13:40]} Nb3 {[%clk 0:47:41]} 21. Rc2
{[%clk 0:12:56]} Rd8 {[%clk 0:44:59]} 22. Bxb7 {[%clk 0:11:54]} Qxb7
{[%clk 0:45:21]} 23. Ne3 {[%clk 0:11:48]} O-O {[%clk 0:43:24]} 24. Rd1
{[%clk 0:08:19]} e5 {[%clk 0:41:47]} 25. Bg5 {[%clk 0:08:14]} Bxg5
{[%clk 0:42:10]} 26. hxg5 {[%clk 0:08:42]} g6 {[%clk 0:42:27]} 27. f3
{[%clk 0:07:26]} Qe7 {[%clk 0:40:24]} 28. Nc4 {[%clk 0:07:07]} Qxg5
{[%clk 0:38:03]} 29. Qxe5 {[%clk 0:07:26]} Qxe5 {[%clk 0:37:54]} 30. Nxe5
{[%clk 0:07:53]} Na5 {[%clk 0:38:10]} 31. Rb2 {[%clk 0:07:06]} Rfe8
{[%clk 0:35:34]} 32. f4 {[%clk 0:07:09]} f6 {[%clk 0:33:39]} 33. Nxg6
{[%clk 0:06:13]} Re3 {[%clk 0:34:04]} 34. Kf2 {[%clk 0:06:14]} Rdxd3
{[%clk 0:34:17]} 35. Rxd3 {[%clk 0:06:38]} Rxd3 {[%clk 0:34:37]} 36. Rb5
{[%clk 0:05:50]} Nb3 {[%clk 0:34:51]} 37. c4 {[%clk 0:05:35]} Rc3
{[%clk 0:30:51]} 38. Ne7+ {[%clk 0:04:59]} Kf7 {[%clk 0:29:15]} 39. Nf5
{[%clk 0:04:54]} Nd2 {[%clk 0:25:31]} 40. Nd6+ {[%clk 0:33:22]} Ke7
{[%clk 0:45:41]} 41. Nf5+ {[%clk 0:26:10]} Kd7 {[%clk 0:44:39]} 42. Rb7+
{[%clk 0:24:39]} Kc6 {[%clk 0:41:45]} 43. Rh7 {[%clk 0:23:19]} Ne4+
{[%clk 0:41:24]} 44. Kg2 {[%clk 0:23:26]} Rxa3 {[%clk 0:40:07]} 45. Ne7+
{[%clk 0:22:04]} Kd6 {[%clk 0:34:02]} 46. Nf5+ {[%clk 0:16:30]} Ke6
{[%clk 0:33:51]} 47. Rxh5 {[%clk 0:16:55]} Rb3 {[%clk 0:33:01]} 48. g4
{[%clk 0:16:35]} Nd2 {[%clk 0:29:51]} 49. Rh7 {[%clk 0:15:26]} Nxc4
{[%clk 0:30:13]} 50. Re7+ {[%clk 0:15:54]} Kd5 {[%clk 0:30:17]} 51. g5
{[%clk 0:15:14]} fxg5 {[%clk 0:28:09]} 52. fxg5 {[%clk 0:15:31]} Ne5
{[%clk 0:28:20]} 53. Ra7 {[%clk 0:14:46]} a3 {[%clk 0:25:17]} 54. Ne7+
{[%clk 0:13:42]} Ke6 {[%clk 0:22:35]} 55. g6 {[%clk 0:12:53]} Kf6
{[%clk 0:22:41]} 56. Kf2 {[%clk 0:13:10]} Ng4+ {[%clk 0:11:44]} 57. Kg2
{[%clk 0:10:37]} Rd3 {[%clk 0:11:54]} 58. Nc6 {[%clk 0:09:27]} Kxg6
{[%clk 0:11:52]} 59. Ra4 {[%clk 0:09:55]} c4 {[%clk 0:04:43]} 60. Kf1
{[%clk 0:08:59]} Kf5 {[%clk 0:00:54]} 61. Ke2 {[%clk 0:08:53]} Rc3
{[%clk 0:00:33]} 62. Kd2 {[%clk 0:08:32]} Rd3+ {[%clk 0:00:44]} 63. Ke2
{[%clk 0:08:56]} Ne3 {[%clk 0:00:38]} 64. Rxc4 {[%clk 0:08:00]} Nxc4
{[%clk 0:00:34]} 65. Kxd3 {[%clk 0:08:26]} Ne5+ {[%clk 0:00:41]} 66. Kc3
{[%clk 0:08:49]} Nxc6 {[%clk 0:00:36]} 67. Kb3 {[%clk 0:09:17]} Nb4
{[%clk 0:00:41]} 68. Kxa3 {[%clk 0:09:43]} Ke5 1/2-1/2

[Event "MP do 16 lat - chlopcy"]
[Site "Sypniewo"]
[Date "2022.03.24"]
[Round "6.14"]
[White "Melerowicz, Dominik"]
[Black "Starosciak, Szymon"]
[Result "1-0"]
[BlackElo "1921"]
[WhiteElo "1825"]
[LiveChessVersion "1.4.8"]

1. e4 {[%clk 1:30:58]} c5 {[%clk 1:30:56]} 2. Nf3 {[%clk 1:31:23]} d6
{[%clk 1:31:11]} 3. d4 {[%clk 1:31:47]} cxd4 {[%clk 1:31:36]} 4. Nxd4
{[%clk 1:32:12]} Nf6 {[%clk 1:32:03]} 5. Nc3 {[%clk 1:32:30]} Nc6
{[%clk 1:32:30]} 6. Bg5 {[%clk 1:32:32]} e6 {[%clk 1:32:37]} 7. Qd2
{[%clk 1:32:41]} a6 {[%clk 1:32:47]} 8. O-O-O {[%clk 1:32:46]} Bd7
{[%clk 1:32:59]} 9. f4 {[%clk 1:32:25]} Be7 {[%clk 1:32:33]} 10. Kb1
{[%clk 1:30:44]} b5 {[%clk 1:26:06]} 11. Nxc6 {[%clk 1:17:50]} Bxc6
{[%clk 1:26:30]} 12. Bxf6 {[%clk 1:17:58]} Bxf6 {[%clk 1:25:55]} 13. Qxd6
{[%clk 1:18:05]} Qxd6 {[%clk 1:26:21]} 14. Rxd6 {[%clk 1:18:30]} Rc8
{[%clk 1:26:49]} 15. e5 {[%clk 1:18:13]} Be7 {[%clk 1:27:15]} 16. Rd1
{[%clk 1:17:45]} g5 {[%clk 1:27:29]} 17. fxg5 {[%clk 1:13:14]} Bxg5
{[%clk 1:27:19]} 18. a4 {[%clk 1:10:30]} b4 {[%clk 0:53:53]} 19. Bxa6
{[%clk 1:10:19]} Ra8 {[%clk 0:53:23]} 20. Bb5 {[%clk 1:10:39]} Bxb5
{[%clk 0:53:37]} 21. Nxb5 {[%clk 1:11:02]} Rxa4 {[%clk 0:53:36]} 22. Nd4
{[%clk 0:48:35]} Bf4 {[%clk 0:45:05]} 23. Nc6 {[%clk 0:48:26]} O-O
{[%clk 0:44:23]} 24. g3 {[%clk 0:40:55]} Rfa8 {[%clk 0:40:03]} 25. Rd8+
{[%clk 0:41:19]} Rxd8 {[%clk 0:39:39]} 26. Nxd8 {[%clk 0:41:46]} Bxe5
{[%clk 0:37:36]} 27. Rf1 {[%clk 0:42:07]} f6 {[%clk 0:29:14]} 28. Nxe6
{[%clk 0:42:25]} b3 {[%clk 0:27:36]} 29. cxb3 {[%clk 0:42:06]} Rb4
{[%clk 0:26:27]} 30. Kc2 {[%clk 0:41:03]} h5 {[%clk 0:25:44]} 31. Nf4
{[%clk 0:40:35]} Re4 {[%clk 0:25:17]} 32. h4 {[%clk 0:39:50]} Kf7
{[%clk 0:21:19]} 33. Rf2 {[%clk 0:38:35]} Bxf4 {[%clk 0:15:48]} 34. Rxf4
{[%clk 0:38:18]} Re3 {[%clk 0:15:18]} 35. g4 {[%clk 0:38:30]} hxg4
{[%clk 0:15:39]} 36. Rxg4 {[%clk 0:38:56]} f5 {[%clk 0:14:56]} 37. Rf4
{[%clk 0:39:06]} Ke6 {[%clk 0:12:12]} 38. b4 {[%clk 0:39:06]} Re2+
{[%clk 0:09:10]} 39. Kc3 {[%clk 0:38:39]} Re3+ {[%clk 0:09:19]} 40. Kc4
{[%clk 1:08:40]} Ke5 {[%clk 0:38:56]} 41. Rf2 {[%clk 1:09:03]} f4
{[%clk 0:30:23]} 42. b5 {[%clk 1:08:58]} f3 {[%clk 0:30:07]} 43. h5
{[%clk 1:07:34]} Kd6 {[%clk 0:28:21]} 44. Kb4 {[%clk 1:04:00]} Kc7
{[%clk 0:27:03]} 45. Rc2+ {[%clk 1:03:12]} Kb7 {[%clk 0:25:59]} 46. Rd2
{[%clk 0:57:14]} Re7 {[%clk 0:20:31]} 47. Rf2 {[%clk 0:57:12]} Rf7
{[%clk 0:20:23]} 48. Ka5 {[%clk 0:57:25]} Rf6 {[%clk 0:19:34]} 49. b3
{[%clk 0:56:58]} Ka7 {[%clk 0:19:05]} 50. h6 {[%clk 0:56:58]} Rxh6
{[%clk 0:19:27]} 51. Rxf3 {[%clk 0:57:23]} Rh8 {[%clk 0:19:08]} 52. Rf7+
{[%clk 0:57:46]} Kb8 {[%clk 0:19:31]} 53. Ka6 {[%clk 0:57:48]} Rh6+
{[%clk 0:19:04]} 54. b6 {[%clk 0:58:12]} Rh8 {[%clk 0:19:32]} 55. b4
{[%clk 0:58:24]} Rg8 {[%clk 0:19:56]} 56. b5 {[%clk 0:57:28]} Rh8
{[%clk 0:20:15]} 57. Rf6 {[%clk 0:57:29]} Rg8 {[%clk 0:14:13]} 58. b7
{[%clk 0:57:46]} Re8 {[%clk 0:13:49]} 59. Rc6 {[%clk 0:58:07]} Rd8
{[%clk 0:14:06]} 60. Rc8+ {[%clk 0:58:30]} Rxc8 {[%clk 0:14:32]} 61. bxc8=Q+
{[%clk 0:58:51]} Kxc8 {[%clk 0:14:59]} 62. Ka7 {[%clk 0:59:14]} 1-0